000
00272nam a2200097Ia 4500
001
1184627
005
20250827020918.0
008
250824s9999 xx 000 0 und d
245
0
_a
KENDİ ŞİİRİNİ YAŞAYANLAR
_c
HACİRE BÜKÜM YILMAZ
260
_b
CEZVE KİTAP YAYINLARI
999
_c
1184627
_d
1184627